| 000 | 00512nam a22001817a 4500 | ||
|---|---|---|---|
| 003 | CEME | ||
| 005 | 20210628202929.0 | ||
| 008 | 210211b xxu||||| |||| 00| 0 eng d | ||
| 020 | _a0-471-27947-1 | ||
| 040 | _c. | ||
| 082 | _a510 HAN | ||
| 100 |
_aLedermann, W Churchhous, Robert.F _962382 |
||
| 245 | _aHandbook of applicable mathematics, vol-iii, numerical methods | ||
| 260 |
_aNEW YORK _bJOHN WILEY _c1996 |
||
| 300 | _aXVII.565P | ||
| 650 |
_aNUMERICAL METHODS; MATHEMATICS _962383 |
||
| 942 |
_cBK _2ddc |
||
| 999 |
_c571504 _d571504 |
||